| 000 | 00708nam a22002057a 4500 | ||
|---|---|---|---|
| 005 | 20230920105338.0 | ||
| 010 | _aENG-138172 | ||
| 020 |
_a9789380831688 _c640.00 |
||
| 035 | _aEN-121704 | ||
| 037 | _bDBAD/PUB | ||
| 082 |
_a624.04 _2First 2022 |
||
| 100 |
_aMurali, K. _957032 |
||
| 245 |
_aStructural Analysis - II/ _cBy K. Murali and B. Lavanya |
||
| 250 | _aFirst 2022 | ||
| 260 |
_aHyderabad _bM/s Amaravathi Publishers _c2022 |
||
| 270 |
_bHyderabad _a7-1-277/242,1st Floor, Near B K Guda Park, S R Nagar _e500038 _k+914023710657 _k+91238000657 _l+914023810657 |
||
| 300 |
_axiv, 354 p. _c24cm(pbk) _bIndex |
||
| 700 |
_aLavanya, B. _eAuthor _956915 |
||
| 942 |
_2ddc _cEN _h624.04 _mMUR |
||
| 999 |
_c198417 _d198417 |
||